[Event "Oviedo rapid"]
[Site "Oviedo"]
[Date "1993.??.??"]
[Round "3"]
[White "Aguera Naredo, Javier"]
[Black "Bass, Leonid"]
[Result "1/2-1/2"]
[WhiteElo "2275"]
[BlackElo "2500"]

1.e4 e6 2.d4 d5 3.Nc3 Bb4 4.e5 Ne7 5.a3 Bxc3+ 6.bxc3 c5 7.Nf3 b6 8.Bb5+ Bd7
9.Bd3 h6 10.a4 Nbc6 11.Ba3 Qc7 12.O-O Na5 13.dxc5 bxc5 14.Qd2 O-O 15.Qe3 Rfc8
16.Ba6 Nf5 17.Qe2 Re8 18.g4 Ne7 19.Qe3 d4 20.cxd4 Nd5 21.Qd2 cxd4 22.Qxd4 Qb6
23.Bd3 Qxd4 24.Nxd4 Rac8 25.Nb5 Bxb5 26.axb5 Nc4 27.Bd6 Nc3 28.Rxa7 Nxb5
29.Rd7 Nd4 30.Kg2 Nb6 31.Rb7 Nd5 32.Ra1 Nxc2 33.Bxc2 Rxc2 34.Raa7 Rc4 35.Rxf7 Rxg4+
36.Kf3 Rg1 37.Ke2  1/2-1/2

[Event "WchT U26"]
[Site "Paranana"]
[Date "1993.??.??"]
[Round "?"]
[White "Calcado, A."]
[Black "Ribas, Alejandro"]
[Result "1-0"]
[WhiteElo "2240"]
[BlackElo "2190"]

1.e4 e6 2.d4 d5 3.Nc3 Bb4 4.e5 Ne7 5.Nf3 c5 6.a3 Bxc3+ 7.bxc3 Qa5 8.Bd2 Nbc6
9.a4 Bd7 10.Bd3 f6 11.exf6 gxf6 12.c4 Qc7 13.cxd5 Nxd5 14.c4 Nf4 15.Bxf4 Qxf4
16.g3 Qc7 17.d5 Ne5 18.O-O Nxd3 19.Qxd3 O-O-O 20.Qc3 e5 21.Rfb1 h5 22.Rb3 Kb8
23.Rab1 Bc8 24.Rb5 Ka8 25.a5 a6 26.Rb6 Rd6 27.Qe3 Rxb6 28.Rxb6 Qe7 29.d6 Qf7
30.Qxc5 Bg4 31.Nd2 Rc8 32.Qe3 Be6 33.Qe4 Bxc4 34.d7 Qxd7 35.Nxc4 f5 36.Rxa6+ Kb8
37.Qxe5+ Qc7 38.Rf6  1-0

[Event "Paris-ch"]
[Site "Paris"]
[Date "1993.??.??"]
[Round "6"]
[White "Mitkov, Nikola"]
[Black "Lamoureux, Charles"]
[Result "1/2-1/2"]
[WhiteElo "2505"]
[BlackElo "2345"]

1.e4 e6 2.Nc3 d5 3.d4 Bb4 4.e5 Ne7 5.a3 Bxc3+ 6.bxc3 c5 7.Qg4 Qc7 8.Qxg7 Rg8
9.Qxh7 cxd4 10.Ne2 Nbc6 11.f4 dxc3 12.Qd3 Bd7 13.Rb1 d4 14.Nxd4 Nxd4 15.Qxd4 Nf5
16.Qf2 Qc6 17.Rb4 Qd5 18.Rg1 Bc6 19.g4 O-O-O 20.Bd3 Nd4 21.Rxd4 Qxd4 22.Qxd4 Rxd4
23.Be3 Ra4 24.h4 Be4 25.Bxe4 Rxe4 26.Ke2 Ra4 27.Bc1 Rd4 28.h5 b5 29.g5 a5
30.Be3 Rd5 31.Kf3 Kd7 32.h6 Ke7 33.Rh1 Rc8 34.h7 Rdd8 35.f5 exf5 36.Kf4 b4
37.axb4 axb4 38.Kxf5 b3 39.g6 fxg6+ 40.Kxg6 b2 41.Bg5+ Ke6 42.Bxd8 Rxd8 43.Re1 Rb8
44.Kg5 Rh8 45.Kg6  1/2-1/2

[Event "RUS-sf"]
[Site "Perm"]
[Date "1993.??.??"]
[Round "?"]
[White "Kalegin, Evgenij"]
[Black "Karpeshov, Oleg"]
[Result "1/2-1/2"]
[WhiteElo "2355"]
[BlackElo "2365"]

1.e4 e6 2.d4 d5 3.Nc3 Bb4 4.e5 Ne7 5.a3 Bxc3+ 6.bxc3 c5 7.Nf3 Qc7 8.h4 h6
9.h5 b6 10.a4 Ba6 11.Bxa6 Nxa6 12.Qd3 Nb8 13.a5 Qc6 14.Rh4 Nd7 15.Rg4 Kf8
16.Nh4 Rc8 17.Ra2 b5 18.Ba3 Rg8 19.Rf4 Ke8 20.Qf3 b4 21.cxb4 cxd4 22.Rxf7 Qc3+
23.Qxc3 Rxc3 24.Rxe7+ Kxe7 25.b5+ Kf7 26.Bd6 Rgc8 27.Kd2 Nc5  1/2-1/2

[Event "RL-chA"]
[Site "Polch"]
[Date "1993.??.??"]
[Round "?"]
[White "Schneiders, Marcus"]
[Black "Schmidt, Rr"]
[Result "1/2-1/2"]
[WhiteElo "1940"]
[BlackElo "2100"]

1.e4 e6 2.d4 d5 3.Nc3 Bb4 4.e5 Ne7 5.a3 Bxc3+ 6.bxc3 c5 7.Nf3 Qa5 8.Bd2 Nbc6
9.a4 O-O 10.Bd3 f6 11.exf6 Rxf6 12.O-O c4 13.Be2 Ng6 14.Bg5 Rf7 15.Qd2 Bd7  1/2-1/2

[Event "Police op"]
[Site "Police"]
[Date "1993.??.??"]
[Round "2"]
[White "Bednarska, Malgorzata"]
[Black "Koutsin, Sergey"]
[Result "0-1"]
[WhiteElo "2180"]
[BlackElo "2390"]

1.e4 e6 2.d4 d5 3.Nc3 Bb4 4.e5 b6 5.a3 Bf8 6.Be3 Qd7 7.f4 Ne7 8.Nf3 h5 9.Bf2 Ba6
10.Bxa6 Nxa6 11.Qd3 Nb8 12.O-O-O Nbc6 13.h3 Ng6 14.g3 h4 15.Kb1 hxg3 16.Bxg3 Nge7
17.Nh4 g6 18.Rdg1 a6 19.Nd1 Na5 20.Ne3 Qb5 21.Qxb5+ axb5 22.Nf3 Nc4 23.Ng4 Nf5
24.Nf6+ Kd8 25.Ng5 Ke7 26.Bf2 Bg7 27.Ng4 Rh5 28.Nf3 Rah8 29.h4 Nh6 30.Nxh6 Bxh6
31.Ng5 Bxg5 32.Rxg5 Nd2+ 33.Kc1 Ne4 34.Rxh5 gxh5 35.Be3 Rg8 36.Rg1 Rg4  0-1

[Event "Police op"]
[Site "Police"]
[Date "1993.??.??"]
[Round "4"]
[White "Jaracz, Pawel"]
[Black "Koutsin, Sergey"]
[Result "0-1"]
[WhiteElo "2355"]
[BlackElo "2390"]

1.e4 e6 2.d4 d5 3.Nc3 Bb4 4.e5 Qd7 5.a3 Bxc3+ 6.bxc3 b6 7.a4 Ba6 8.Bxa6 Nxa6
9.Qd3 Nb8 10.Qg3 f5 11.Ne2 Nc6 12.Nf4 O-O-O 13.a5 Nxa5 14.Rxa5 bxa5 15.Nd3 g6
16.Nc5 Qc6 17.Bg5 Re8 18.Kd2 h6 19.Qh4 Rh7 20.Ra1 Qb6 21.Nb3 Rf7 22.Be3 Ref8
23.f4 Rh7 24.Rxa5 Ne7 25.Ra3 Nc6 26.Qe1 Qb5 27.Qa1 Kd8 28.Nc5 Re7 29.Rb3 Qc4
30.Nd3 a5 31.Nb2 Qa6 32.Qa4 Ke8 33.Nd3 Qc4 34.Qa3 Kf7 35.Bf2 a4 36.Rb1 Rb8
37.Ra1 Ree8 38.Qxa4 Qxa4 39.Rxa4 Ra8 40.Rxa8 Rxa8 41.c4 dxc4 42.Nb2 Na5 43.Kc3 Ke7
44.Nd1 Rb8 45.Ne3 Rb5 46.Bh4+ Kd7 47.Bf6 h5 48.Bh4 c6 49.h3 Rb1 50.Bg3 Kc7
51.Bh4 Kc8 52.Be7 Re1 53.Kd2 Rg1 54.Kc3 Kb7 55.Bh4 c5 56.d5 exd5 57.Nxd5 Rxg2
58.e6 Re2 59.e7 Kc6 60.Bf6 Re6 61.e8=Q+ Rxe8 62.Ne7+ Kd6 63.Nxg6 Re3+ 64.Kd2 Rxh3  0-1

[Event "Punta del Este"]
[Site "Punta del Este"]
[Date "1993.??.??"]
[Round "4"]
[White "Escofet, Jaime"]
[Black "De Dovitiis, Alejo"]
[Result "1/2-1/2"]
[WhiteElo "2235"]
[BlackElo "2335"]

1.e4 e6 2.d4 d5 3.Nc3 Bb4 4.e5 Qd7 5.Qg4 f5 6.Qh5+ Qf7 7.Qxf7+ Kxf7 8.h4 Nh6
9.Nh3 Re8 10.a3 Be7 11.Bg5 Bf8 12.Be2 Kg8 13.Bh5 Nf7 14.O-O-O Bd7 15.Be3 Rc8
16.Ng5 Nd8 17.Be2 c5 18.dxc5 Bxc5 19.Bxc5 Rxc5 20.g4 fxg4 21.Bxg4 Rc4 22.f3 b5
23.Ne2 h6 24.Nh3 Na6 25.b3 Rc7 26.Nd4 Rac8 27.Nf4 b4 28.a4  1/2-1/2

[Event "Quebec Inv"]
[Site "Quebec"]
[Date "1993.??.??"]
[Round "8"]
[White "Leveille, Francois"]
[Black "Ross, David"]
[Result "0-1"]
[WhiteElo "2345"]
[BlackElo "2310"]

1.e4 e6 2.d4 d5 3.Nc3 Bb4 4.e5 Qd7 5.a3 Bxc3+ 6.bxc3 b6 7.a4 Ba6 8.Bxa6 Nxa6
9.Qg4 f5 10.Qh5+ Qf7 11.Qe2 Nb8 12.c4 c6 13.Nh3 h6 14.cxd5 cxd5 15.c4 Ne7
16.Ba3 Nbc6 17.Bxe7 Nxe7 18.Nf4 Ng6 19.Nxg6 Qxg6 20.O-O Rd8 21.c5 bxc5 22.Qb5+ Kf7
23.Qb7+ Kg8 24.dxc5 f4 25.f3 Kh7 26.c6 Rb8 27.Qxa7 Rb2 28.Rf2 Rb1+ 29.Rxb1 Qxb1+
30.Rf1 Qc2 31.c7 Rc8 32.Qb6 Rxc7 33.Qxe6 d4 34.h4 d3 35.Kh2 d2 36.Qd6 Rc6
37.Qd5 Rg6 38.h5 Rxg2+ 39.Kh3 Rg3+ 40.Kh4 d1=Q  0-1

[Event "Reykjavik op"]
[Site "Reykjavik"]
[Date "1993.??.??"]
[Round "1"]
[White "Jonsson, Bjorgvin"]
[Black "Bergsson, Snorri"]
[Result "1-0"]
[WhiteElo "2400"]
[BlackElo "2265"]

1.e4 e6 2.d4 d5 3.Nc3 Bb4 4.e5 Qd7 5.Bd2 b6 6.Bb5 c6 7.Ba4 a5 8.a3 Bf8 9.Nce2 Ba6
10.c3 Bb5 11.Bc2 a4 12.Nf3 c5 13.O-O Nc6 14.Re1 Na5 15.Be3 Nc4 16.Nd2 Nxd2
17.Qxd2 Bxe2 18.Qxe2 c4 19.g4 h5 20.h3 hxg4 21.hxg4 Qe7 22.Kg2 Kd7 23.Rh1 Rxh1
24.Rxh1 Qe8 25.f4 Kc6 26.f5 b5 27.Rh8 Ne7 28.f6 gxf6 29.Bh6 Bxh6 30.Rxe8 Rxe8
31.exf6 Nc8 32.g5 Bxg5 33.Qh5 Bc1 34.Qxf7 Nd6  1-0

[Event "ISD-FRA"]
[Site "Reykjavik"]
[Date "1993.??.??"]
[Round "5"]
[White "Thorhallsson, Throstur"]
[Black "Renet, Olivier"]
[Result "1/2-1/2"]
[WhiteElo "2430"]
[BlackElo "2535"]

1.e4 e6 2.d4 d5 3.Nc3 Bb4 4.e5 Ne7 5.a3 Bxc3+ 6.bxc3 b6 7.Qg4 Ng6 8.h4 h5
9.Qg3 Ba6 10.Bd3 Bxd3 11.cxd3 Nc6 12.a4 Nce7 13.Nf3 Nf5 14.Qh3 c5 15.Bg5 Qc7
16.O-O cxd4 17.Nxd4 Nxd4 18.cxd4 Ne7 19.Rac1 Qd7 20.Bxe7 Qxe7 21.Qg3 g6 22.Rc6 O-O
23.f4 Qd7 24.f5 Qxc6 25.fxg6 fxg6 26.Qxg6+ Kh8 27.Qh6+ Kg8 28.Qg5+ Kh8 29.Qxh5+ Kg7
30.Qg5+ Kh7  1/2-1/2

[Event "Reykjavik op"]
[Site "Reykjavik"]
[Date "1993.??.??"]
[Round "9"]
[White "Vidarsson, Jon G"]
[Black "Bergsson, Snorri"]
[Result "1/2-1/2"]
[WhiteElo "2325"]
[BlackElo "2265"]

1.e4 e6 2.d4 d5 3.Nc3 Bb4 4.e5 Qd7 5.Qg4 f5 6.Qg3 b6 7.a3 Bxc3+ 8.Qxc3 Ba6
9.Ne2 Nc6 10.Bd2 Nge7 11.h4 O-O-O 12.a4 Na5 13.b3 Kb8 14.Qe3 Nec6 15.Rh3 Qe7
16.Qc3 Rd7 17.Rb1 Rc8 18.b4 Bxe2 19.Bxe2 Nc4 20.Be3 Kb7 21.Bxc4 dxc4 22.Qxc4 f4
23.a5  1/2-1/2

[Event "Sala op"]
[Site "Sala"]
[Date "1993.??.??"]
[Round "10"]
[White "Berzinsh, Roland"]
[Black "Shtyrenkov, Veniamen"]
[Result "1-0"]
[WhiteElo "2395"]
[BlackElo "2465"]

1.e4 e6 2.d4 d5 3.Nc3 Bb4 4.e5 Ne7 5.a3 Bxc3+ 6.bxc3 c5 7.h4 Qa5 8.Bd2 cxd4
9.cxd4 Qa4 10.Nf3 Nbc6 11.h5 Nxd4 12.Bd3 b6 13.Bb4 Nec6 14.Nxd4 Nxd4 15.Qg4 Nxc2+
16.Bxc2 Qxc2 17.Qg5 Qe4+ 18.Kf1 f6 19.Qxg7 Ba6+ 20.Kg1 O-O-O 21.Rc1+ Kb8
22.Bd6+  1-0

[Event "ARG-chJ"]
[Site "San Jorge"]
[Date "1993.??.??"]
[Round "3"]
[White "Dos Santos, Freire Ramiro"]
[Black "Gamboa, Juan"]
[Result "0-1"]
[WhiteElo "2340"]
[BlackElo "1675"]

1.e4 e6 2.d4 d5 3.Nc3 Bb4 4.e5 Ne7 5.a3 Bxc3+ 6.bxc3 c5 7.Qg4 O-O 8.Bd3 f5
9.exf6 Rxf6 10.Qh5 h6 11.g4 c4 12.Be2 Nbc6 13.Nh3 Bd7 14.g5 g6 15.Qh4 Nf5
16.Qf4 e5 17.dxe5 Re6 18.gxh6 Rxe5 19.Kd1 Qe7 20.Qd2 Rd8 21.Nf4 Be8 22.Bb2 b5
23.Rg1 Kh7 24.Bf3 Nh4 25.Bh1 g5 26.Nh3 Bh5+ 27.Kc1 Re2 28.Nxg5+ Kh8 29.Qd1 Bg6
30.Be4 Rxe4 31.Nxe4 Qxe4 32.a4 Rf8 33.Rg4 Rf4 34.Rxf4 Qxf4+ 35.Kb1 Qxf2 36.axb5 Ne5
37.Rxa7 Qxa7 38.Qxd5 Nhf3 39.Qe6 Qf7 40.Qc8+ Kh7 41.b6 Nd2+ 42.Ka2 Bxc2 43.Qd8 Bb3+
44.Ka3 Nb1+  0-1

[Event "San Martin"]
[Site "San Martin"]
[Date "1993.??.??"]
[Round "9"]
[White "Rodriguez, Andres"]
[Black "Schweber, Samuel"]
[Result "0-1"]
[WhiteElo "2405"]
[BlackElo "2350"]

1.e4 e6 2.d4 d5 3.Nc3 Bb4 4.e5 Qd7 5.Bd2 b6 6.Nce2 Bf8 7.f4 Ba6 8.Nf3 h5
9.f5 exf5 10.Nf4 Bxf1 11.Rxf1 Nc6 12.Qe2 Nd8 13.e6 Nxe6 14.Ne5 Nxf4 15.Bxf4 Qe6
16.O-O-O Nf6 17.Qb5+ c6 18.Qa4 b5 19.Qa6 Qc8 20.Qa5 Ne4 21.a4 b4 22.Nd3 Qb7
23.Rde1 Be7 24.Nc5 Qb6 25.Bc7 Qxa5 26.Bxa5 Bxc5 27.dxc5 g6 28.Bxb4 Kd7 29.Rd1 a5
30.Ba3 Kc7 31.c3 h4 32.Kc2 Rh5 33.Rde1 Kd7 34.Re2 Ke6 35.Kd3 h3 36.g3 g5
37.b3 f4 38.gxf4 g4 39.c4 Kf5 40.cxd5 cxd5 41.Rg1 Rb8 42.Rb2 g3 43.hxg3 Nxg3
44.Re1 f6 45.c6 h2 46.b4 axb4 47.Bxb4 h1=Q 48.Rxh1 Rxh1 49.a5 Ne4 50.a6 Ra1
51.Ba5 Rxb2 52.c7 Nd6  0-1

[Event "San Martin"]
[Site "San Martin"]
[Date "1993.??.??"]
[Round "11"]
[White "Van Riemsdijk, Herman C"]
[Black "Rodriguez, Andres"]
[Result "1/2-1/2"]
[WhiteElo "2405"]
[BlackElo "2405"]

1.e4 e6 2.d4 d5 3.Nc3 Bb4 4.e5 Ne7 5.a3 Bxc3+ 6.bxc3 c5 7.h4 Qa5 8.Bd2 Nbc6
9.h5 h6 10.Nf3 Bd7 11.Bd3 c4 12.Be2 O-O-O 13.O-O g6 14.hxg6 Nxg6 15.Nh2 Nce7
16.Bh5 Rdg8 17.Ng4 Rg7 18.Qf3 Ng8 19.g3 Qd8 20.Kg2 f5 21.exf6 Nh4+ 22.gxh4 Nxf6
23.Bg5 Rf8 24.Nxh6 Ne4 25.Nf7 Nxg5 26.hxg5 Rfxf7 27.Qg3 Qxg5 28.Bxf7 Qf6
29.Bh5 e5 30.Rae1 exd4 31.cxd4 Bf5 32.c3 Qh6 33.Re5 Be4+ 34.Kh3 Rxg3+ 35.fxg3 a6
36.Rf7 Kb8 37.Kh4 Qd2 38.Bg4 Qh2+ 39.Kg5 Qd2+ 40.Kh4 Qh2+ 41.Kg5 Qd2+ 42.Kh4  1/2-1/2

[Event "Seefeld op"]
[Site "Seefeld"]
[Date "1993.??.??"]
[Round "5"]
[White "Tobor, Detlef"]
[Black "Rausch, Stephan"]
[Result "0-1"]
[WhiteElo "2000"]
[BlackElo "2315"]

1.e4 e6 2.d4 d5 3.Nc3 Bb4 4.e5 Ne7 5.Qg4 c5 6.Nf3 Qc7 7.Bb5+ Bd7 8.O-O Bxc3
9.Bxd7+ Nxd7 10.bxc3 cxd4 11.cxd4 O-O 12.Ba3 Rfe8 13.Bd6 Qc6 14.Ng5 h6 15.Bxe7 Rxe7
16.Nh3 f5 17.Qh4 Rf7 18.Rab1 Raf8 19.f4 Qc4 20.Qf2 Nb6 21.Qd2 Rc8 22.Rfc1 Qc3
23.Qxc3 Rxc3 24.Rb3 Rc4 25.Ra3 a6 26.c3 Rfc7 27.Nf2 Na4 28.Nd3 Nxc3 29.Kf1 Nb5  0-1

[Event "Seefeld op"]
[Site "Seefeld"]
[Date "1993.??.??"]
[Round "7"]
[White "Kubacsny, Laszlo"]
[Black "Rausch, Stephan"]
[Result "1-0"]
[WhiteElo "2320"]
[BlackElo "2315"]

1.e4 e6 2.d4 d5 3.Nc3 Bb4 4.e5 Ne7 5.a3 Bxc3+ 6.bxc3 c5 7.Qg4 O-O 8.Bd3 Nd7
9.Nf3 f5 10.Qh3 Qa5 11.Bd2 Nb6 12.Rg1 Nc4 13.g4 Nxd2 14.Kxd2 Bd7 15.gxf5 Nxf5
16.Rg5 g6 17.Rag1 Rf7 18.Nh4 cxd4 19.Nxg6 Qxc3+ 20.Ke2 hxg6 21.Rxg6+ Kf8
22.Rf6 Be8 23.Rxe6 Rg7 24.Qxf5+ Rf7 25.Rf6 Qxa3 26.Qh7 Ke7 27.Rg7  1-0

[Event "Sevilla op"]
[Site "Sevilla"]
[Date "1993.??.??"]
[Round "8"]
[White "De la Villa Garcia, Jesus Maria"]
[Black "Markzon, Gregory"]
[Result "1/2-1/2"]
[WhiteElo "2440"]
[BlackElo "2280"]

1.e4 e6 2.d4 d5 3.Nc3 Bb4 4.e5 Ne7 5.a3 Bxc3+ 6.bxc3 c5 7.h4 Qc7 8.Nf3 Nbc6
9.h5 h6 10.Be2 Bd7 11.O-O f6 12.Bf4 f5 13.a4 g5 14.hxg6 Nxg6 15.Bc1 O-O-O
16.Ba3 Rdg8 17.Qd2 c4 18.Bd6 Qd8 19.Kh2 Nh4 20.g3 Nxf3+ 21.Bxf3 h5 22.Kg2 h4
23.Rh1 Be8 24.Qf4 Ne7 25.Bxe7 Qxe7 26.a5 Rh7 27.Rh3 hxg3 28.fxg3 Rxh3 29.Kxh3 Rh8+
30.Kg2 Bh5 31.Bxh5 Rxh5 32.Rh1 Rxh1 33.Kxh1 Qh7+ 34.Kg2 Qh5 35.Qc1 Qe2+ 36.Kg1 a6
37.Qa3  1/2-1/2

[Event "Silvaplana SKA op"]
[Site "Silvaplana"]
[Date "1993.??.??"]
[Round "?"]
[White "Belotti, Bruno"]
[Black "Illi, Hans Joerg"]
[Result "1-0"]
[WhiteElo "2410"]
[BlackElo "2185"]

1.e4 e6 2.d4 d5 3.Nc3 Bb4 4.e5 Qd7 5.Bd2 Bxc3 6.Bxc3 b6 7.Qg4 f5 8.Qh5+ Qf7
9.Qd1 Ba6 10.Bxa6 Nxa6 11.a4 c5 12.a5 c4 13.axb6 axb6 14.Nh3 Ne7 15.Bb4 Kd7
16.Bd6 Ra7 17.b3 Rha8 18.bxc4 dxc4 19.Qb1 Kc6 20.Ra4 b5 21.Ra5 Nc7 22.Rxa7 Rxa7
23.Bxc7 Kxc7 24.O-O Qe8 25.Qb4 Qd7 26.Qc5+ Nc6 27.Nf4 g5 28.d5 exd5 29.e6 Qe8
30.Nxd5+ Kb8 31.Qd6+ Kc8 32.Nf6  1-0

[Event "St Petersburg op"]
[Site "St Petersburg"]
[Date "1993.??.??"]
[Round "?"]
[White "Poluljahov, Aleksandr"]
[Black "Gavrilov, Alexei"]
[Result "1-0"]
[WhiteElo "2505"]
[BlackElo "2415"]

1.e4 e6 2.d4 d5 3.Nc3 Bb4 4.e5 b6 5.Qg4 Bf8 6.Nh3 Ba6 7.Nb5 h5 8.Qg5 Qd7
9.a4 g6 10.Qg3 Ne7 11.Qc3 Nec6 12.Qd2 Be7 13.Be2 Na5 14.O-O c6 15.Nd6+ Bxd6
16.exd6 Qxd6 17.Bxa6 Nxa6 18.Qe2 Nc7 19.Bg5 Kd7 20.Bf6 Rhf8 21.b3 Ne8 22.Bg5 Kc8
23.Bf4 Qd7 24.Bd2 Nb7 25.a5 b5 26.a6 Nbd6 27.Nf4 Nf5 28.Bb4 Rg8 29.c3 Ned6
30.Nd3 Kd8 31.Nc5 Qc8 32.Rfe1 Ke7 33.Qe5 Rd8 34.Ba5 Re8 35.Bb4 Rd8 36.c4 bxc4
37.bxc4 Rb8 38.Bd2 Rg8 39.cxd5 cxd5 40.Bg5+ Kf8 41.Rab1 Rb5 42.Qf6 Nxd4 43.Qe7+ Kg7
44.Bf6+ Kh6 45.Qxd6 Rxb1 46.Rxb1 Nf5 47.Qf4+ g5 48.Qc1 Rg6 49.Be5 f6 50.Bb8 Nd4
51.Kh1 Rg7 52.h4 e5 53.Nb3 Qg4 54.Nxd4 Qxh4+ 55.Kg1 Qxd4 56.Rb7 Rg8 57.Bxa7 Qa4
58.Qc7 Qd1+ 59.Kh2  1-0

[Event "Rilton Cup op9394"]
[Site "Stockholm"]
[Date "1993.??.??"]
[Round "1"]
[White "Sanden, Stefan"]
[Black "Hansen, Lars Bo"]
[Result "0-1"]
[WhiteElo "2325"]
[BlackElo "2560"]

1.e4 e6 2.d4 d5 3.Nc3 Bb4 4.e5 Ne7 5.a3 Bxc3+ 6.bxc3 c5 7.Qg4 O-O 8.Bd3 f5
9.exf6 Rxf6 10.Qh5 g6 11.Qd1 Nbc6 12.Nf3 c4 13.Bf1 Qf8 14.Qe2 Rf5 15.h4 e5
16.dxe5 Qg7 17.g4 Rxf3 18.Qxf3 Nxe5 19.Qg3 Bxg4 20.Bh6 Nf3+ 21.Qxf3 Bxf3
22.Bxg7 Bxh1 23.Bf6 Kf7 24.Bg5 Nf5 25.Be2 h6 26.Bf4 Nxh4 27.O-O-O Bf3 28.Bxf3 Nxf3
29.Bxh6 Ke6 30.Be3 Nh4 31.Rg1 b6 32.a4 Rh8 33.a5 bxa5 34.Bxa7 Rh5 35.Kb2 Rh7
36.Bd4 Rb7+ 37.Ka3 Kf5 38.Rg3 g5 39.Ka4 g4 40.Kxa5 Rb2 41.Rg1 Nf3 42.Rd1 Rxc2
43.Kb4 Ke4 44.Bb6 Rb2+ 45.Kc5 d4 46.Bc7 d3 47.Kxc4 d2 48.Bd6 Rc2 49.Ba3 Ne5+  0-1

[Event "SWE-chT 9293"]
[Site "SWE"]
[Date "1993.??.??"]
[Round "9"]
[White "Barkhagen, Jonas"]
[Black "Brynell, Stellan"]
[Result "1/2-1/2"]
[WhiteElo "2380"]
[BlackElo "2410"]

1.e4 e6 2.d4 d5 3.Nc3 Bb4 4.e5 Qd7 5.Bd2 b6 6.Bb5 c6 7.Ba4 a5 8.a3 Bf8 9.Nf3 Ba6
10.Ne2 Bb5 11.Bb3 a4 12.Ba2 c5 13.O-O Nc6 14.Be3 cxd4 15.Nfxd4 Nxe5 16.Nxb5 Qxb5
17.Nd4 Qd7 18.f4 Nc6 19.c4 Nf6 20.cxd5 Nxd5 21.Bxd5 Qxd5 22.Nxc6 Qxc6 23.Rc1 Bc5
24.Bxc5 bxc5 25.Qf3  1/2-1/2

[Event "SWZ-chT"]
[Site "?"]
[Date "1993.??.??"]
[Round "?"]
[White "Rhodin, Christian"]
[Black "Huss, Andreas"]
[Result "1-0"]
[WhiteElo "2245"]
[BlackElo "2400"]

1.e4 e6 2.d4 d5 3.Nc3 Bb4 4.e5 b6 5.Bd2 Ne7 6.a3 Bxc3 7.Bxc3 Ba6 8.Bxa6 Nxa6
9.Qg4 O-O 10.Ne2 Nf5 11.Nf4 c5 12.O-O-O Qh4 13.Qf3 cxd4 14.Bxd4 Rac8 15.g3 Qg5
16.Be3 Nxe3 17.Qxe3 Qf5 18.Qd3 Qxd3 19.Nxd3 Rc4 20.b3 Rc3 21.Kb2 Rfc8 22.Rd2 Nb8
23.f4 Nd7 24.Re1 b5 25.Ra1 a5 26.a4 b4 27.Re1 R8c6 28.Rf2 f5 29.Ra1 Kf7 30.Rd2 g6
31.Rf2 Rc8 32.Rd1 Ke7 33.Rg2 h6 34.Rdd2 Kf7 35.g4 fxg4 36.Rxg4 Nc5 37.Nxc5 R8xc5
38.Rdg2 Rc8 39.Ka1 Rg8 40.R4g3 Rxg3 41.Rxg3 g5 42.fxg5 hxg5 43.Rf3+ Ke7 44.Rh3 g4
45.Rh7+ Kd8 46.Ra7 Rg5 47.Rxa5 Rxe5 48.Rb5 Re1+ 49.Kb2 d4 50.Rxb4 e5 51.a5 Kc7
52.a6 Rf1 53.a7 Rf8 54.Rb5 e4 55.Rb4 Re8 56.Rxd4 Kb7 57.Rd7+ Ka8 58.Kc1 e3
59.Kd1 Rh8 60.Re7 Rxh2 61.Rxe3 Kxa7 62.Re7+ Kb6 63.Rg7 Rg2 64.Rg5 Kc6 65.Kc1 Kd6
66.b4 Ke6 67.b5 g3 68.Kb2 Kd6 69.Kb3 Rg1 70.Kc4 Re1 71.Rg6+ Re6  1-0

[Event "SWZ-chT"]
[Site "?"]
[Date "1993.??.??"]
[Round "?"]
[White "Vogt, Lothar"]
[Black "Huss, Andreas"]
[Result "1-0"]
[WhiteElo "2520"]
[BlackElo "2400"]

1.e4 e6 2.d4 d5 3.Nc3 Bb4 4.e5 b6 5.Qg4 Bf8 6.Bb5+ c6 7.Ba4 a5 8.a3 Ba6 9.Nce2 b5
10.Bb3 c5 11.c3 Nc6 12.Nf3 g6 13.O-O Qb6 14.Be3 Nh6 15.Qf4 Nf5 16.dxc5 Bxc5
17.Bxc5 Qxc5 18.Ned4 Ncxd4 19.cxd4 Qe7 20.Bc2 O-O 21.Bxf5 exf5 22.Qh6 Rac8
23.Rae1 Qa7 24.b4 axb4 25.axb4 Rc6 26.Ng5 f6 27.exf6 Rcxf6 28.Re5 Rc6 29.Rfe1 Qd7
30.h4  1-0

[Event "SWZ-GP Wohlen"]
[Site "Wohlen"]
[Date "1993.??.??"]
[Round "1"]
[White "Atlas, Valeri"]
[Black "Huss, Andreas"]
[Result "0-1"]
[WhiteElo "2470"]
[BlackElo "2400"]

1.e4 e6 2.d4 d5 3.Nc3 Bb4 4.e5 b6 5.Qg4 Bf8 6.h4 h5 7.Qg5 Ba6 8.Nb5 g6 9.Nf3 Nh6
10.Qxd8+ Kxd8 11.Bg5+ Kd7 12.Bf6 Rg8 13.Ng5 Kc6 14.a4 Kb7 15.Nh7 Nf5 16.Nxf8 Rxf8
17.c3 Nd7 18.Bg5 f6 19.exf6 Nxf6 20.Bd3 Ne4 21.f3 Nxg5 22.hxg5 Rac8 23.Kd2 c5
24.Rae1 Bxb5 25.axb5 Rcd8 26.Re5 cxd4 27.cxd4 Nxd4 28.Bxg6 Rxf3 29.Rxh5 Rg3
30.Rh7+ Kb8 31.Bf7 Rxg2+ 32.Kd3 Nf3 33.Rxe6  0-1

[Event "SWZ-GP Wohlen"]
[Site "Wohlen"]
[Date "1993.??.??"]
[Round "5"]
[White "Gallagher, Joseph G"]
[Black "Huss, Andreas"]
[Result "1-0"]
[WhiteElo "2500"]
[BlackElo "2400"]

1.e4 e6 2.d4 d5 3.Nc3 Bb4 4.e5 b6 5.a3 Bxc3+ 6.bxc3 Qd7 7.Qg4 f5 8.Qg3 Bb7
9.Nh3 Nc6 10.Nf4 O-O-O 11.a4 Na5 12.Ba3 Nc4 13.Bd3 Qf7 14.Qg5 Re8 15.h4 Ne7
16.h5 h6 17.Qg3 Rhg8 18.Qf3 Kb8 19.Qe2 g5 20.hxg6 Nxg6 21.Nh5 Rc8 22.Bc1 c5
23.Nf6 Rh8 24.Qh5 Qg7 25.Bxh6 Qf7 26.g4 cxd4 27.cxd4 Ngxe5 28.dxe5 Qc7 29.Kf1 Nxe5
30.gxf5 Qc3 31.Rd1 Nxd3 32.Nd7+ Ka8 33.cxd3 Ba6 34.Rh3 Qc2 35.Qe2 Qxa4 36.fxe6 Rce8
37.Re1 Qd4 38.Qe3 Qc3 39.Bf4 Rxh3 40.Qxh3 Qd4 41.Qe3 Bxd3+ 42.Kg1 Qg7+ 43.Bg3 Be4
44.Nxb6+ Kb7 45.Nd7 Rh8 46.Nc5+ Ka8 47.Nxe4 Qh7 48.Qf3  1-0

[Event "Zaragoza"]
[Site "Zaragoza"]
[Date "1993.??.??"]
[Round "5"]
[White "Melendez Fierro, Juan"]
[Black "Carruez Berges, Santiago"]
[Result "0-1"]
[WhiteElo "2330"]
[BlackElo "2200"]

1.e4 e6 2.d4 d5 3.Nc3 Bb4 4.e5 Ne7 5.Bd2 c5 6.Nb5 Bxd2+ 7.Qxd2 O-O 8.c3 Nbc6
9.Nf3 a6 10.Na3 c4 11.Be2 b5 12.O-O Qb6 13.Nc2 Bd7 14.a3 a5 15.Ne3 b4 16.Ng4 Kh8
17.Bd1 b3 18.Qg5 Nf5 19.Qh5 f6 20.Re1 Nce7 21.Qh3 Ng6 22.g3 Rf7 23.Qg2 Raf8
24.h4 h5 25.Ne3 fxe5 26.Ng5 Rf6 27.Nxf5 Rxf5 28.Bxh5 Rxf2 29.Qxf2 Rxf2 30.Kxf2 exd4
31.Bxg6 dxc3+ 32.Kg2 cxb2 33.Rf1 Qc5 34.Rae1 d4 35.Nxe6 Qd5+ 36.Be4 Qxe4+
37.Rxe4 Bc6 38.Ng5 g6 39.Kf2 Bxe4 40.Nxe4 c3 41.Nc5 c2 42.Nxb3 b1=Q  0-1

[Event "Abierto op"]
[Site "Abierto"]
[Date "1994.??.??"]
[Round "7"]
[White "Rodriguez, Ad"]
[Black "Gallardo Garcia, Andres"]
[Result "1-0"]
[WhiteElo "2260"]
[BlackElo "2265"]

1.e4 e6 2.d4 d5 3.Nc3 Bb4 4.e5 Ne7 5.a3 Bxc3+ 6.bxc3 c5 7.Qg4 O-O 8.Bd3 Nbc6
9.Qh5 Ng6 10.Nf3 Qc7 11.Be3 c4 12.Bxg6 fxg6 13.Qg4 Qf7 14.Kd2 h6 15.h4 Bd7
16.Ng1 Ne7 17.Ne2 Qf5 18.Qg3 Ba4 19.Rac1 Rac8 20.Qh3 Rc6 21.g4 Qf7 22.Rb1 Rb6
23.Rxb6 axb6 24.Rb1 Ra8 25.Nf4 Kh7 26.h5 g5 27.Ne2 g6 28.Rh1 gxh5 29.Qxh5 Qxh5
30.Rxh5 Be8 31.Rh1 Kg6 32.f4 Rxa3 33.fxg5 hxg5 34.Rh5 Kg7 35.Bxg5 Ng8 36.Rh1 Bg6
37.Nf4 Be4 38.Rb1 Ra2 39.Rxb6 Rxc2+ 40.Ke1 Rxc3 41.Rxb7+ Kf8 42.Nxe6+ Ke8  1-0

[Event "Aegina op"]
[Site "Aegina"]
[Date "1994.??.??"]
[Round "6"]
[White "Makropoulou, Marina"]
[Black "Moutousis, Konstantinos"]
[Result "0-1"]
[WhiteElo "2280"]
[BlackElo "2425"]

1.e4 e6 2.d4 d5 3.Nc3 Bb4 4.e5 Ne7 5.Bd2 b6 6.f4 Bxc3 7.Bxc3 Ba6 8.Ne2 c5
9.Qd2 Nbc6 10.O-O-O Qc7 11.g4 g6 12.Bg2 h5 13.h3 O-O-O 14.Bf3 Kb8 15.Ng3 Rc8
16.Ne2 hxg4 17.hxg4 Rxh1 18.Bxh1 Bxe2 19.Qxe2 Nxd4 20.Bxd4 cxd4 21.Rxd4 Nc6
22.Rd2 g5 23.f5 Nxe5 24.fxe6 fxe6 25.c3 Qd6 26.Rd4 Ng6 27.Kb1 Rh8 28.Rd1 Qe5
29.Qf1 Nf4 30.Re1 Qf6 31.a3 Qg6+ 32.Ka1 Qd3 33.Qxd3 Nxd3 34.Rf1 Ne5 35.Rg1 Rh4
36.Ka2 Kc7 37.c4 Nxc4 38.Bf3 Rh2 39.Bg2 Kd6  0-1

[Event "Aegina op"]
[Site "Aegina"]
[Date "1994.??.??"]
[Round "9"]
[White "Vouldis, Angelos"]
[Black "Moutousis, Konstantinos"]
[Result "0-1"]
[WhiteElo "2300"]
[BlackElo "2425"]

1.e4 e6 2.d4 d5 3.Nc3 Bb4 4.e5 Ne7 5.a3 Bxc3+ 6.bxc3 c5 7.h4 b6 8.h5 h6 9.Bb5+ Kf8
10.Be2 Ba6 11.Bxa6 Nxa6 12.Ne2 Rc8 13.Bd2 Qc7 14.Rc1 Qc6 15.O-O Qa4 16.f4 Ke8
17.Be1 g6 18.hxg6 fxg6 19.f5 exf5 20.Nf4 Qc6 21.e6 Kd8 22.dxc5 g5 23.Nd3 Nxc5
24.Nb4 Qxe6 25.c4 Ne4 26.Nxd5 Nxd5 27.cxd5 Qe5 28.c4 Re8 29.a4 f4 30.a5 Ng3
31.Bxg3 fxg3 32.Rf3 g4 33.Rd3 Rxc4  0-1

[Event "Aschach op"]
[Site "Aschach"]
[Date "1994.??.??"]
[Round "?"]
[White "Brandstaetter, Friedrich"]
[Black "Spindelboeck, Gernot"]
[Result "1/2-1/2"]
[WhiteElo "2025"]
[BlackElo "2290"]

1.e4 e6 2.d4 d5 3.Nc3 Bb4 4.e5 Ne7 5.a3 Bxc3+ 6.bxc3 c5 7.Nf3 Bd7 8.dxc5 Qc7
9.Bd3 Nbc6 10.O-O Nxe5 11.Rb1 Nxd3 12.cxd3 Qxc5 13.Rxb7 Bc6 14.Rb4 O-O 15.Ng5 h6
16.Nf3 Rab8  1/2-1/2

[Event "AUT-ch"]
[Site "Austria"]
[Date "1994.??.??"]
[Round "5"]
[White "Winiwarter, Felix"]
[Black "Gottsmann, Herbert"]
[Result "1/2-1/2"]
[WhiteElo "2240"]
[BlackElo "2165"]

1.e4 e6 2.d4 d5 3.Nc3 Bb4 4.e5 Qd7 5.a3 Bxc3+ 6.bxc3 b6 7.Nf3 Ne7 8.Bd3 Ba6
9.O-O Bxd3 10.Qxd3 Nbc6 11.a4 Na5 12.Ng5 h6 13.Nh3 Rc8 14.f4 h5 15.Ng5 Nf5
16.Qh3 Rh6 17.Qd3 Nc4 18.g3 Ke7 19.Re1 Re8 20.Kf2 Kd8 21.a5  1/2-1/2